[Event "Lille Luce op 7th"]
[Site "Lille"]
[Date "2016.04.12"]
[Round "5"]
[White "Lazarev, Vladimir"]
[Black "Becuwe, Olivier"]
[Result "1-0"]
[WhiteElo "2383"]
[BlackElo "2070"]
[PlyCount "71"]
[EventDate "2016.04.09"]
[EventType "swiss"]
[EventRounds "7"]
[EventCountry "FRA"]
[SourceTitle "CBM 171 Extra"]
[Source "ChessBase"]
[SourceDate "2016.04.26"]
[SourceVersion "1"]
[SourceVersionDate "2016.04.26"]
[SourceQuality "1"]

1. d4 Nf6 2. c4 g6 3. Nc3 Bg7 4. e4 d6 5. Nf3 0-0 6. Be2 e5 7. Be3 exd4 8. Nxd4 Re8 9. f3 c6 10. Bf2 d5 11. exd5 cxd5 12. 0-0 Nbd7 13. Ndb5 dxc4 14. Nd6 Rf8 15. Bxc4 Ne5 16. Bb3 Qa5 17. Qe2 Ne8 18. Nxc8 Rxc8 19. Rad1 Nf6 20. Nb5 Nc6 21. Nd6 Rc7 22. Kh1 Rd7 23. Qc2 Qc7 24. Nb5 Rxd1 25. Rxd1 Qe5 26. Nd6 Ne8 27. Nxb7 Qxb2 28. Qxb2 Bxb2 29. Bc5 Nf6 30. Bxf8 Kxf8 31. Nd6 Ne5 32. Nc4 Nxc4 33. Bxc4 Ke7 34. Rb1 Bd4 35. Rb7+ Nd7 36. Bb5 1-0

[Event "Lille Luce op 6th"]
[Site "Lille"]
[Date "2015.05.04"]
[Round "1"]
[White "Becuwe, Olivier"]
[Black "Bailet, Pierre"]
[Result "0-1"]
[WhiteElo "2083"]
[BlackElo "2519"]
[PlyCount "58"]
[EventDate "2015.05.04"]
[EventType "swiss"]
[EventRounds "9"]
[EventCountry "FRA"]
[SourceTitle "EXT 2017"]
[Source "ChessBase"]
[SourceDate "2016.10.25"]
[SourceVersion "1"]
[SourceVersionDate "2016.10.25"]
[SourceQuality "1"]

1. e4 c5 2. Nf3 Nc6 3. b4 cxb4 4. d4 d5 5. exd5 Qxd5 6. c4 bxc3 7. Nxc3 Qa5 8. d5 e6 9. Bd2 exd5 10. Nb5 Bb4 11. Nd6+ Ke7 12. Nxc8+ Rxc8 13. Bd3 Bxd2+ 14. Nxd2 Nf6 15. Qe2+ Kf8 16. 0-0 g6 17. Rab1 Qc7 18. Nf3 Kg7 19. Qb2 b6 20. Rfc1 Qd6 21. Ba6 Rc7 22. Qc3 Re8 23. Bf1 Ree7 24. Nd4 Nxd4 25. Qxd4 Rc5 26. Re1 Rc2 27. Rxe7 Qxe7 28. Bd3 Rd2 29. Rc1 Qa3 0-1

[Event "Lille Luce op 4th"]
[Site "Lille"]
[Date "2013.04.13"]
[Round "1"]
[White "Flear, Glenn C"]
[Black "Becuwe, Olivier"]
[Result "1-0"]
[WhiteElo "2475"]
[BlackElo "2098"]
[PlyCount "35"]
[EventDate "2013.04.13"]
[EventType "swiss"]
[EventRounds "9"]
[EventCountry "FRA"]
[SourceTitle "CBM 154 Extra"]
[Source "ChessBase"]
[SourceDate "2013.06.25"]
[SourceVersion "2"]
[SourceVersionDate "2013.06.25"]
[SourceQuality "1"]

1. d4 Nf6 2. c4 g6 3. Nc3 Bg7 4. e4 d6 5. f4 0-0 6. Nf3 Bg4 7. h3 Bxf3 8. Qxf3 Nc6 9. Be3 Nd7 10. e5 Nb4 11. 0-0-0 c6 12. a3 Na6 13. h4 Nc7 14. h5 g5 15. h6 Bh8 16. Ne4 dxe5 17. Qg4 Bf6 18. dxe5 1-0

[Event "Cappelle op 27th"]
[Site "Cappelle la Grande"]
[Date "2011.02.27"]
[Round "2"]
[White "Marechal, Andy"]
[Black "Becuwe, Olivier"]
[Result "1/2-1/2"]
[WhiteElo "2326"]
[BlackElo "2096"]
[PlyCount "148"]
[EventDate "2011.02.26"]
[EventType "swiss"]
[EventRounds "9"]
[EventCountry "FRA"]
[SourceTitle "CBM 141 Extra"]
[Source "ChessBase"]
[SourceDate "2011.05.03"]
[SourceVersion "1"]
[SourceVersionDate "2011.05.03"]
[SourceQuality "1"]

1. e4 c5 2. Nc3 Nc6 3. Bb5 Nd4 4. Bc4 e6 5. Nge2 Ne7 6. 0-0 Nec6 7. d3 a6 8. a4 Rb8 9. Bd2 b5 10. axb5 axb5 11. Nxd4 Nxd4 12. Ba2 Bb7 13. Ne2 Nxe2+ 14. Qxe2 d5 15. exd5 Bxd5 16. Bf4 Bd6 17. Bxd5 Bxf4 18. Bc6+ Kf8 19. g3 Bc7 20. Ra7 g6 21. Qe3 Kg7 22. Qxc5 Bb6 23. Qe5+ Qf6 24. Qxf6+ Kxf6 25. Rb7 Rxb7 26. Bxb7 Rb8 27. Bf3 Rc8 28. c3 b4 29. Rb1 bxc3 30. bxc3 Ba5 31. c4 Bc3 32. Kf1 Rc7 33. Bb7 Bd4 34. Ke2 Rc5 35. Rc1 Ra5 36. Rc2 Ke7 37. f4 Kd6 38. Bg2 h5 39. Bf3 Ra1 40. h3 Rb1 41. g4 hxg4 42. hxg4 Rb2 43. c5+ Kc7 44. Rxb2 Bxb2 45. Ke3 f5 46. gxf5 gxf5 47. Bd1 e5 48. fxe5 Bxe5 49. d4 Bf6 50. Bf3 Be7 51. Kd3 Bf6 52. Bg2 Be7 53. Kc3 Bf6 54. Kc4 Be7 55. Bh3 f4 56. Bg4 Bd8 57. Kd5 Bf6 58. Bf3 Bh8 59. Kc4 Bf6 60. Kd3 Bg7 61. Ke4 Bf6 62. Bg2 Bg7 63. Kd5 Bf6 64. Kc4 Be7 65. Kc3 Bf6 66. Kd3 Bg7 67. Bd5 Bf6 68. Ke4 f3 69. Bc4 f2 70. Kd5 Bg7 71. Bf1 Bf6 72. Ke4 Bg7 73. Bg2 Bf6 74. d5 Be7 1/2-1/2

[Event "FRA-chT1 0910"]
[Site "France"]
[Date "2009.11.21"]
[Round "4.6"]
[White "Daurelle, Herve"]
[Black "Becuwe, Olivier"]
[Result "1-0"]
[WhiteElo "2222"]
[BlackElo "2096"]
[PlyCount "46"]
[EventDate "2009.09.27"]
[EventType "team-tourn"]
[EventRounds "11"]
[EventCountry "FRA"]
[SourceTitle "EXT 2011"]
[Source "ChessBase"]
[SourceDate "2010.11.26"]
[SourceVersion "1"]
[SourceVersionDate "2010.11.26"]
[SourceQuality "1"]

1. e4 c5 2. Nf3 d6 3. d4 cxd4 4. Nxd4 Nf6 5. Nc3 g6 6. Be3 Bg7 7. f3 0-0 8. Qd2 Nc6 9. 0-0-0 Nxd4 10. Bxd4 Be6 11. Kb1 Qc7 12. h4 Rfc8 13. h5 Qa5 14. hxg6 hxg6 15. a3 Rab8 16. Bd3 b5 17. Qg5 Qc7 18. e5 dxe5 19. Bxe5 Qc5 20. f4 Rb7 21. Ne4 Nxe4 22. Bxe4 Rd7 23. Rxd7 Bxd7 1-0

[Event "FRA-chT2 North 0809"]
[Site "France"]
[Date "2008.11.23"]
[Round "3.6"]
[White "Becuwe, Olivier"]
[Black "Dupont, Dany"]
[Result "1-0"]
[WhiteElo "2075"]
[BlackElo "1995"]
[PlyCount "77"]
[EventDate "2008.10.19"]
[EventType "team-tourn"]
[EventRounds "11"]
[EventCountry "FRA"]
[SourceTitle "EXT 2010"]
[Source "ChessBase"]
[SourceDate "2010.11.25"]
[SourceVersion "1"]
[SourceVersionDate "2010.11.25"]
[SourceQuality "1"]
[WhiteTeam "Noyon II"]
[BlackTeam "Le Touquet"]
[WhiteTeamCountry "FRA"]
[BlackTeamCountry "FRA"]

1. e4 d5 2. e5 c5 3. c3 Nc6 4. d4 Bf5 5. g4 Be4 6. f3 Bg6 7. Be3 e6 8. Bb5 Qb6 9. Qa4 a6 10. Bxc6+ bxc6 11. Nd2 f6 12. Ne2 fxe5 13. dxe5 Qb5 14. Qxb5 cxb5 15. Nf4 Bf7 16. a4 b4 17. cxb4 c4 18. Bc5 Bxc5 19. bxc5 Rb8 20. Rb1 g5 21. Nh3 Bg6 22. Rc1 h6 23. f4 Rxb2 24. fxg5 hxg5 25. Nxg5 Ke7 26. h4 Nh6 27. Rg1 Rf8 28. h5 Bd3 29. Nh3 Nf7 30. Nf3 Re2+ 31. Kd1 Nxe5 32. Nxe5 Rxe5 33. Re1 Rxe1+ 34. Kxe1 Rf1+ 35. Kd2 c3+ 36. Rxc3 Bc4 37. g5 Rf5 38. h6 Kf7 39. c6 1-0

[Event "FRA-chT4 0001"]
[Site "Champagne Ardenne"]
[Date "2001.04.01"]
[Round "7"]
[White "Sohier, Renaud"]
[Black "Becuwe, Olivier"]
[Result "0-1"]
[WhiteElo "1900"]
[BlackElo "2120"]
[PlyCount "46"]
[EventDate "2001.10.??"]
[EventType "team"]
[EventRounds "7"]
[EventCountry "FRA"]
[SourceTitle "EXT 2005"]
[Source "ChessBase"]
[SourceDate "2004.11.15"]
[SourceVersion "1"]
[SourceVersionDate "2004.11.15"]
[SourceQuality "1"]

1. d4 g6 2. c4 Bg7 3. Nc3 d6 4. e4 Nf6 5. f4 0-0 6. Be2 c5 7. d5 e6 8. h4 exd5 9. cxd5 Re8 10. Bf3 Nxe4 11. Nxe4 Bf5 12. Ne2 Bxe4 13. Qb3 Nd7 14. h5 Nf6 15. hxg6 hxg6 16. Bd2 Qe7 17. 0-0-0 Bxf3 18. gxf3 Qxe2 19. f5 c4 20. Qa3 Nxd5 21. fxg6 fxg6 22. Bc3 Nxc3 23. bxc3 Re3 0-1